000
00324nam a22001577a 4500
003
SGT
082
_a
612
_b
T15J
100
_a
JAIN,A.K
245
_a
TEXT BOOK OF PHYSIOLOGY
250
_a
6TH
260
_a
DELHI
_b
AVICHAL PUB
_c
2015
300
_a
590
650
_a
PHYSIOLOGY
653
_a
PHYSIOLOGY
942
_2
ddc
_c
BK
_0
139
999
_c
8280
_d
8280